[Event "Paracin-ch"]
[Site "Paracin"]
[Date "2017.02.03"]
[Round "5"]
[White "Kayar, Mehmet Erdem"]
[Black "Mickovic, Slavisa"]
[Result "1/2-1/2"]
[WhiteElo "1930"]
[BlackElo "2147"]
[PlyCount "72"]
[EventDate "2017.01.31"]
[EventType "swiss"]
[EventRounds "9"]
[EventCountry "SRB"]
[SourceTitle "CBM 176 Extra"]
[Source "ChessBase"]
[SourceDate "2017.03.02"]
[SourceVersion "1"]
[SourceVersionDate "2017.03.02"]
[SourceQuality "1"]

1. e4 c5 2. Nc3 b6 3. f4 Bb7 4. Nf3 Nf6 5. Bc4 e6 6. Qe2 a6 7. e5 d5 8. exd6 Bxd6 9. Ne5 0-0 10. d3 b5 11. Bb3 Nc6 12. Nxc6 Bxc6 13. 0-0 Qc7 14. Bd2 Rfe8 15. Rae1 e5 16. Qf2 e4 17. a3 c4 18. dxc4 e3 19. Rxe3 Bc5 20. Rxe8+ Bxe8 21. Be3 Ng4 22. Qf3 Bxe3+ 23. Kh1 Rd8 24. Qxg4 bxc4 25. Ba4 Bxa4 26. Nxa4 Bxf4 27. g3 Be5 28. Qf3 f6 29. Nc3 Rd2 30. Rd1 Qd6 31. Qa8+ Kf7 32. Rxd2 Qxd2 33. Qb7+ Kg6 34. Qe4+ Kh6 35. Qh4+ Kg6 36. Qe4+ Kh6 1/2-1/2

[Event "Paracin-ch"]
[Site "Paracin"]
[Date "2017.02.02"]
[Round "4"]
[White "Dimitrov, Vladimir"]
[Black "Kayar, Mehmet Erdem"]
[Result "1/2-1/2"]
[WhiteElo "2391"]
[BlackElo "1930"]
[PlyCount "62"]
[EventDate "2017.01.31"]
[EventType "swiss"]
[EventRounds "9"]
[EventCountry "SRB"]
[SourceTitle "CBM 176 Extra"]
[Source "ChessBase"]
[SourceDate "2017.03.02"]
[SourceVersion "1"]
[SourceVersionDate "2017.03.02"]
[SourceQuality "1"]

1. d4 Nf6 2. c4 c5 3. d5 e6 4. Nc3 exd5 5. cxd5 d6 6. e4 g6 7. f4 Bg7 8. Bb5+ Nfd7 9. Nf3 0-0 10. 0-0 a6 11. Bd3 b5 12. Kh1 Re8 13. Bc2 Nb6 14. f5 N8d7 15. Bg5 Bf6 16. Qc1 Ne5 17. Bxf6 Qxf6 18. Nxe5 Qxe5 19. Qh6 Qg7 20. Qh4 Nc4 21. Rae1 Ne5 22. f6 g5 23. Qg3 Qh6 24. Nd1 Kh8 25. Nf2 c4 26. b3 Rg8 27. bxc4 bxc4 28. Nd1 Rg6 29. Qe3 Ng4 30. Qg3 Ne5 31. Qe3 Ng4 1/2-1/2

[Event "Paracin-ch"]
[Site "Paracin"]
[Date "2017.02.01"]
[Round "2"]
[White "Tomic, Aleksandar Lj"]
[Black "Kayar, Mehmet Erdem"]
[Result "1-0"]
[WhiteElo "2316"]
[BlackElo "1930"]
[PlyCount "85"]
[EventDate "2017.01.31"]
[EventType "swiss"]
[EventRounds "9"]
[EventCountry "SRB"]
[SourceTitle "CBM 176 Extra"]
[Source "ChessBase"]
[SourceDate "2017.03.02"]
[SourceVersion "1"]
[SourceVersionDate "2017.03.02"]
[SourceQuality "1"]

1. d4 Nf6 2. c4 c5 3. d5 e6 4. Nc3 exd5 5. cxd5 d6 6. e4 g6 7. f4 Bg7 8. Bb5+ Nfd7 9. Nf3 0-0 10. 0-0 a6 11. Bd3 b5 12. Kh1 Nf6 13. f5 Nbd7 14. Bg5 Qb6 15. Qd2 b4 16. Na4 Qa5 17. b3 c4 18. Bc2 c3 19. Qf4 Qc7 20. Qh4 a5 21. Nd4 Ba6 22. Rf3 Rae8 23. Rh3 h5 24. fxg6 fxg6 25. Ne6 Rxe6 26. dxe6 Ne5 27. Rg3 Qe7 28. Nb6 Qxe6 29. h3 Qf7 30. Rd1 Qc7 31. Be3 Be2 32. Re1 Bb5 33. Bd4 Qe7 34. Qg5 Nc6 35. Bxf6 Qxf6 36. Qxb5 Qf2 37. Rge3 Be5 38. Nd7 Rf4 39. Nxe5 Nxe5 40. Qe2 Qh4 41. Rf1 Qf6 42. Rxf4 Qxf4 43. g3 1-0

[Event "Manavgat Turkey Cup"]
[Site "Manavgat"]
[Date "2016.02.05"]
[Round "10"]
[White "Kayar, Mehmet Erdem"]
[Black "Sarikaya, Ergun"]
[Result "1/2-1/2"]
[WhiteElo "1945"]
[BlackElo "1839"]
[PlyCount "66"]
[EventDate "2016.01.30"]
[EventType "swiss"]
[EventRounds "11"]
[EventCountry "TUR"]
[SourceTitle "CBM 170 Extra"]
[Source "ChessBase"]
[SourceDate "2016.02.25"]
[SourceVersion "1"]
[SourceVersionDate "2016.02.25"]
[SourceQuality "1"]

1. e4 d6 2. d4 g6 3. Nc3 Bg7 4. Be3 Nf6 5. h3 a6 6. Bd3 e5 7. dxe5 dxe5 8. Nf3 Nc6 9. Qd2 Be6 10. 0-0 0-0 11. Rad1 Qe7 12. Bg5 Rfd8 13. Qc1 Rd6 14. Nh2 Qf8 15. Rfe1 h6 16. Be3 b6 17. Nf3 Nd7 18. Nd2 Nb4 19. Bc4 Bxc4 20. Nxc4 Rxd1 21. Rxd1 Nc5 22. b3 Nc6 23. Nd5 Rc8 24. f3 Ne6 25. Bf2 b5 26. Nce3 Ncd4 27. Kh1 c5 28. c3 Ne2 29. Qc2 N2f4 30. Nxf4 Nxf4 31. Nd5 Ne6 32. Bh4 g5 33. Bf2 Kh8 1/2-1/2

[Event "Manavgat Turkey Cup"]
[Site "Manavgat"]
[Date "2016.01.30"]
[Round "1"]
[White "Mermer, Yunus"]
[Black "Kayar, Mehmet Erdem"]
[Result "0-1"]
[WhiteElo "1494"]
[BlackElo "1945"]
[PlyCount "78"]
[EventDate "2016.01.30"]
[EventType "swiss"]
[EventRounds "11"]
[EventCountry "TUR"]
[SourceTitle "CBM 170 Extra"]
[Source "ChessBase"]
[SourceDate "2016.02.25"]
[SourceVersion "1"]
[SourceVersionDate "2016.02.25"]
[SourceQuality "1"]

1. e4 c6 2. Nf3 d5 3. Nc3 Bg4 4. exd5 cxd5 5. Bb5+ Nc6 6. d4 e6 7. 0-0 Bd6 8. h3 Bxf3 9. Qxf3 Nge7 10. Bg5 0-0 11. Bxc6 bxc6 12. Bf4 Bb4 13. a3 Ba5 14. Na4 Ng6 15. Be3 Qd6 16. Nc5 Bc7 17. g3 e5 18. b4 e4 19. Qe2 f5 20. f4 exf3 21. Rxf3 Rae8 22. Qd2 f4 23. Bxf4 Nxf4 24. Rxf4 Rxf4 25. Qxf4 Qxf4 26. gxf4 Bxf4 27. Kf1 Re3 28. Re1 Rxh3 29. Re8+ Kf7 30. Ra8 Rxa3 31. Rc8 Bd6 32. Rxc6 Ke7 33. Ke2 h5 34. Rc8 h4 35. Rh8 h3 36. Nd3 h2 37. Ne5 Rc3 38. Kd2 Bxb4 39. Nd3 Rc8+ 0-1

[Event "Novi Sad Zanosh 2nd"]
[Site "Novi Sad"]
[Date "2013.10.22"]
[Round "2"]
[White "Kayar, Mehmet Erdem"]
[Black "Cengija, Vanja"]
[Result "0-1"]
[WhiteElo "2003"]
[BlackElo "2236"]
[PlyCount "76"]
[EventDate "2013.10.21"]
[EventType "tourn"]
[EventRounds "9"]
[EventCountry "SRB"]
[EventCategory "2"]
[SourceTitle "EXT 2014"]
[Source "ChessBase"]
[SourceDate "2013.11.20"]
[SourceVersion "1"]
[SourceVersionDate "2013.11.20"]
[SourceQuality "1"]

1. e4 Nf6 2. e5 Nd5 3. d4 d6 4. Nf3 dxe5 5. Nxe5 c6 6. Bd3 g6 7. 0-0 Bg7 8. Re1 0-0 9. c3 Nd7 10. Bg5 N7b6 11. Bh4 a5 12. Nd2 Be6 13. Ne4 Nf4 14. Bf1 Nbd5 15. Nc5 Bc8 16. Qb3 Qc7 17. Bg3 Nh5 18. Bc4 Nxg3 19. hxg3 e6 20. a4 b6 21. Ncd3 Rd8 22. f4 Bb7 23. Re2 Rab8 24. Rae1 Bf8 25. g4 c5 26. f5 cxd4 27. Nxf7 Qxf7 28. Rxe6 Rd6 29. Rxd6 Bxd6 30. Re6 Rd8 31. Kh1 Bc7 32. Nc5 gxf5 33. Re1 Bc8 34. Bxd5 Rxd5 35. Re8+ Qxe8 36. Qxd5+ Kh8 37. Nd3 Qd7 38. Nf4 Bxf4 0-1

[Event "TUR-ch"]
[Site "Antalya"]
[Date "2013.02.07"]
[Round "9"]
[White "Kayar, Mehmet Erdem"]
[Black "Demircin, Kasim"]
[Result "0-1"]
[WhiteElo "2087"]
[BlackElo "1844"]
[PlyCount "66"]
[EventDate "2013.02.02"]
[EventType "swiss"]
[EventRounds "11"]
[EventCountry "TUR"]
[SourceTitle "CBM 152 Extra"]
[Source "ChessBase"]
[SourceDate "2013.02.25"]
[SourceVersion "1"]
[SourceVersionDate "2013.02.25"]
[SourceQuality "1"]

1. e4 e5 2. Nf3 d6 3. d4 Nf6 4. Nc3 Nbd7 5. Bc4 Be7 6. 0-0 0-0 7. a4 c6 8. Re1 Qc7 9. b3 Nb6 10. Bf1 Bg4 11. dxe5 dxe5 12. a5 Nbd7 13. Bb2 Rfe8 14. h3 Bh5 15. Ra4 Rad8 16. Qa1 Bxf3 17. gxf3 Nh5 18. Nd1 Qd6 19. Ne3 Qg6+ 20. Bg2 Nf4 21. Bxe5 Nxe5 22. Qxe5 Nxh3+ 23. Kf1 Bb4 24. Qxe8+ Rxe8 25. Rxb4 Nf4 26. Rxb7 h5 27. Rxa7 h4 28. Rd1 h3 29. Bh1 h2 30. Ng4 Qh5 31. Ke1 Rxe4+ 32. fxe4 Qxg4 33. f3 Qg1+ 0-1

[Event "Balatonlelle op-B"]
[Site "Balatonlelle"]
[Date "2006.06.25"]
[Round "9.10"]
[White "Szabo, Bence"]
[Black "Kayar, Mehmet Erdem"]
[Result "0-1"]
[WhiteElo "1993"]
[BlackElo "2191"]
[PlyCount "90"]
[EventDate "2006.06.17"]
[EventType "swiss"]
[EventRounds "9"]
[EventCountry "HUN"]
[SourceTitle "EXT 2007"]
[Source "ChessBase"]
[SourceDate "2006.11.23"]
[SourceVersion "1"]
[SourceVersionDate "2006.11.23"]
[SourceQuality "1"]

1. Nf3 Nf6 2. c4 c5 3. Nc3 d5 4. cxd5 Nxd5 5. e4 Nb4 6. Bb5+ N8c6 7. d4 cxd4 8. a3 dxc3 9. Qxd8+ Kxd8 10. axb4 cxb2 11. Bxb2 e6 12. 0-0 f6 13. e5 f5 14. Bxc6 bxc6 15. Ra4 Be7 16. Rfa1 a6 17. Bd4 Kc7 18. Bc3 Kb7 19. Nd2 Rd8 20. Nc4 Rd3 21. Rc1 Bg5 22. Raa1 Bxc1 23. Rxc1 Bd7 24. Nd6+ Kb6 25. f4 Be8 26. Be1 Bh5 27. Bf2+ Kc7 28. Nc4 Rd1+ 29. Rxd1 Bxd1 30. Bc5 Be2 31. Bd6+ Kb7 32. Na5+ Kb6 33. Kf2 Bd3 34. Ke3 Be4 35. g3 Bd5 36. Kd4 Rg8 37. h4 h6 38. Be7 Kc7 39. h5 Kd7 40. Bd6 g6 41. Ke3 gxh5 42. Kf2 h4 43. gxh4 Rg2+ 44. Ke3 Rg3+ 45. Ke2 Rg4 0-1

[Event "Balatonlelle op-B"]
[Site "Balatonlelle"]
[Date "2006.06.17"]
[Round "1.1"]
[White "Tiefenthaler, Bernhard"]
[Black "Kayar, Mehmet Erdem"]
[Result "0-1"]
[WhiteElo "1744"]
[BlackElo "2191"]
[PlyCount "58"]
[EventDate "2006.06.17"]
[EventType "swiss"]
[EventRounds "9"]
[EventCountry "HUN"]
[SourceTitle "EXT 2007"]
[Source "ChessBase"]
[SourceDate "2006.11.23"]
[SourceVersion "1"]
[SourceVersionDate "2006.11.23"]
[SourceQuality "1"]

1. e4 e5 2. Nf3 Qe7 3. Nc3 c6 4. Be2 g6 5. 0-0 d6 6. d4 Nh6 7. Bd2 f6 8. Qc1 Nf7 9. d5 Bg7 10. a4 0-0 11. a5 c5 12. h4 Bg4 13. Nh2 Bxe2 14. Nxe2 f5 15. exf5 gxf5 16. Nf3 f4 17. Nc3 Nd7 18. Re1 Qf6 19. Ne4 Qg6 20. c4 Nf6 21. Neg5 Nxg5 22. Nxg5 h6 23. Ne6 f3 24. g3 Qf5 25. Kh2 Ng4+ 26. Kg1 Nxf2 27. Kxf2 Qh3 28. Rg1 Qh2+ 29. Ke3 Qe2# 0-1

[Event "Budapest FS06 IM"]
[Site "Budapest"]
[Date "2006.06.12"]
[Round "8"]
[White "Kayar, Mehmet Erdem"]
[Black "Delabaca, Romuald"]
[Result "1/2-1/2"]
[WhiteElo "2191"]
[BlackElo "2203"]
[PlyCount "50"]
[EventDate "2006.06.05"]
[EventType "tourn"]
[EventRounds "11"]
[EventCountry "HUN"]
[EventCategory "2"]
[SourceTitle "CBM 112 Extra"]
[Source "ChessBase"]
[SourceDate "2006.07.14"]
[SourceVersion "1"]
[SourceVersionDate "2006.07.14"]
[SourceQuality "1"]

1. e4 c5 2. Nf3 Nc6 3. d4 cxd4 4. Nxd4 g6 5. Nc3 Bg7 6. Be3 Nf6 7. Be2 0-0 8. f4 d6 9. Nb3 b6 10. Qd2 Bb7 11. 0-0-0 Rc8 12. Kb1 Qc7 13. h4 Na5 14. Nxa5 bxa5 15. Bf3 Qb8 16. Bd4 Rc4 17. e5 Bxf3 18. exf6 Rxd4 19. fxg7 Rxd2 20. gxf8Q+ Kxf8 21. Rxd2 Bc6 22. h5 Qb4 23. hxg6 hxg6 24. Rf1 Qc4 25. Rff2 Qc5 1/2-1/2

[Event "Budapest FS06 IM"]
[Site "Budapest"]
[Date "2006.06.10"]
[Round "6"]
[White "Kayar, Mehmet Erdem"]
[Black "Konnyu, Janos"]
[Result "0-1"]
[WhiteElo "2191"]
[BlackElo "2262"]
[PlyCount "138"]
[EventDate "2006.06.05"]
[EventType "tourn"]
[EventRounds "11"]
[EventCountry "HUN"]
[EventCategory "2"]
[SourceTitle "CBM 112 Extra"]
[Source "ChessBase"]
[SourceDate "2006.07.14"]
[SourceVersion "1"]
[SourceVersionDate "2006.07.14"]
[SourceQuality "1"]

1. d4 Nf6 2. Nf3 d5 3. Bf4 c6 4. e3 Qb6 5. b3 Bf5 6. Nbd2 Nbd7 7. h3 e6 8. Be2 Ne4 9. Nxe4 dxe4 10. Nh4 Bb4+ 11. Kf1 Bc3 12. Nxf5 exf5 13. Rb1 Qa5 14. a4 Qb4 15. g4 Nf6 16. Kg2 Nd5 17. Bg3 f4 18. Bxf4 Nxf4+ 19. exf4 Rd8 20. Bc4 b5 21. axb5 cxb5 22. Qe2 bxc4 23. Qxe4+ Kf8 24. bxc4 Qe7 25. Qc6 Bxd4 26. Rhe1 Qc5 27. Qd7 Bf6 28. Qa4 g6 29. g5 Bc3 30. Re3 Rd2 31. f5 gxf5 32. Qa6 Rd6 33. Qb7 Bd4 34. Qe7+ Kg7 35. Rb7 Rf8 36. Rf3 Qc6 37. Rc7 Re6 38. Rxc6 Rxe7 39. Rxf5 Re6 40. Rc7 Bb6 41. Rd7 Rc6 42. Rf3 Rc7 43. Rxc7 Bxc7 44. c5 Rc8 45. Ra3 a5 46. f4 Bxf4 47. Rxa5 Bxg5 48. c6 Be7 49. Ra6 Rc7 50. Kf3 Kf6 51. Kg4 Ke6 52. Kh5 f5 53. c4 Bc5 54. Kh4 Bf2+ 55. Kg5 Be3+ 56. Kh4 f4 57. Kg4 Kd6 58. Kf3 Rxc6 59. Ra4 Kc5 60. h4 h6 61. h5 Kd4 62. Ra8 Rc5 63. Kg4 Rg5+ 64. Kh4 f3 65. c5 Kxc5 66. Ra5+ Kd4 67. Ra4+ Kd3 68. Ra3+ Ke2 69. Ra2+ Bd2 0-1

[Event "Budapest FS06 IM"]
[Site "Budapest"]
[Date "2006.06.09"]
[Round "5"]
[White "Vul, Arkadi Eremeevich"]
[Black "Kayar, Mehmet Erdem"]
[Result "1-0"]
[WhiteElo "2396"]
[BlackElo "2191"]
[PlyCount "81"]
[EventDate "2006.06.05"]
[EventType "tourn"]
[EventRounds "11"]
[EventCountry "HUN"]
[EventCategory "2"]
[SourceTitle "CBM 112 Extra"]
[Source "ChessBase"]
[SourceDate "2006.07.14"]
[SourceVersion "1"]
[SourceVersionDate "2006.07.14"]
[SourceQuality "1"]

1. Nf3 Nf6 2. c4 c5 3. Nc3 d5 4. cxd5 Nxd5 5. e4 Nb4 6. Bc4 Nd3+ 7. Ke2 Nf4+ 8. Kf1 Ne6 9. d4 cxd4 10. Bxe6 Bxe6 11. Nxd4 Bc4+ 12. Kg1 Nc6 13. Nxc6 Qxd1+ 14. Nxd1 bxc6 15. f3 e5 16. Be3 Bb4 17. Kf2 h5 18. a3 Ba5 19. Rc1 Bb5 20. b4 Bb6 21. Nb2 0-0-0 22. Rc2 Rd6 23. Bxb6 axb6 24. a4 Rhd8 25. Rhc1 Bd3 26. Nxd3 Rxd3 27. Rxc6+ Kb7 28. Rc7+ Kb8 29. Rxf7 Rb3 30. Rxg7 h4 31. Rc2 Rxb4 32. Re7 Rxa4 33. Rxe5 Kb7 34. Rb2 Ka6 35. Reb5 Rb8 36. g4 hxg3+ 37. hxg3 Ra5 38. R5b4 b5 39. e5 Kb6 40. f4 Kc5 41. e6 1-0

[Event "Budapest FS05 IM-A"]
[Site "Budapest"]
[Date "2006.05.10"]
[Round "5"]
[White "D'Innocente, Stefano"]
[Black "Kayar, Mehmet Erdem"]
[Result "0-1"]
[WhiteElo "2304"]
[BlackElo "2191"]
[PlyCount "42"]
[EventDate "2006.05.06"]
[EventType "tourn"]
[EventRounds "9"]
[EventCountry "HUN"]
[EventCategory "1"]
[SourceTitle "CBM 112 Extra"]
[Source "ChessBase"]
[SourceDate "2006.07.14"]
[SourceVersion "1"]
[SourceVersionDate "2006.07.14"]
[SourceQuality "1"]

1. e4 c5 2. Nf3 d6 3. d4 cxd4 4. Nxd4 Nf6 5. Nc3 g6 6. Be3 Bg7 7. f3 Nc6 8. Qd2 0-0 9. Bc4 Bd7 10. 0-0-0 Qa5 11. Bb3 Rfc8 12. h4 Ne5 13. h5 Nxh5 14. Bh6 Nd3+ 15. Kb1 Nxb2 16. Kxb2 Bxh6 17. Qxh6 Qxc3+ 18. Kb1 a5 19. g4 a4 20. gxh5 axb3 21. cxb3 Rxa2 0-1

[Event "Budapest FS05 IM-A"]
[Site "Budapest"]
[Date "2006.05.09"]
[Round "4"]
[White "Kayar, Mehmet Erdem"]
[Black "Bednay, Bence"]
[Result "0-1"]
[WhiteElo "2191"]
[BlackElo "2169"]
[PlyCount "106"]
[EventDate "2006.05.06"]
[EventType "tourn"]
[EventRounds "9"]
[EventCountry "HUN"]
[EventCategory "1"]
[SourceTitle "CBM 112 Extra"]
[Source "ChessBase"]
[SourceDate "2006.07.14"]
[SourceVersion "1"]
[SourceVersionDate "2006.07.14"]
[SourceQuality "1"]

1. e4 c5 2. Nf3 e6 3. d4 cxd4 4. Nxd4 Nc6 5. Nb5 d6 6. c4 Nf6 7. N1c3 a6 8. Na3 Be7 9. Be2 0-0 10. 0-0 Qc7 11. b3 Ne5 12. Bb2 Rd8 13. Nc2 b6 14. Ne3 Bb7 15. f4 Qc5 16. Qd2 Neg4 17. Bxg4 Nxg4 18. Rae1 Nxe3 19. Rxe3 d5 20. cxd5 Qxe3+ 21. Qxe3 Bc5 22. Qxc5 bxc5 23. dxe6 fxe6 24. Rf2 Rd4 25. Re2 c4 26. b4 Bc6 27. Kf2 Rd3 28. Rc2 Rb8 29. a3 a5 30. bxa5 Rxb2 31. Rxb2 Rxc3 32. Rb4 Bxe4 33. a4 Bd5 34. a6 Rb3 35. Rb5 Bc6 36. Rc5 Rb2+ 37. Ke3 Bxg2 38. a7 Ra2 39. Rc8+ Kf7 40. a8Q Bxa8 41. Rxa8 c3 42. a5 Rxh2 43. a6 Ra2 44. Kd3 c2 45. Kd2 Kg6 46. a7 h6 47. Kc1 Kh5 48. Kd2 Kg4 49. Kc1 h5 50. Kd2 h4 51. Kc1 h3 52. Kd2 Kg3 53. f5 exf5 0-1

[Event "NATO-ch 16th"]
[Site "Kolobrzeg"]
[Date "2005.08.27"]
[Round "7"]
[White "Kayar, Mehmet Erdem"]
[Black "Mottais, Francois"]
[Result "1/2-1/2"]
[WhiteElo "2237"]
[BlackElo "2008"]
[PlyCount "79"]
[EventDate "2005.08.21"]
[EventType "swiss"]
[EventRounds "7"]
[EventCountry "POL"]
[SourceTitle "CBM 108 Extra"]
[Source "ChessBase"]
[SourceDate "2005.11.04"]
[SourceVersion "1"]
[SourceVersionDate "2005.11.04"]
[SourceQuality "1"]

1. d4 d5 2. Nf3 Nf6 3. Bf4 e6 4. e3 Be7 5. Bd3 b6 6. c3 Nbd7 7. Nbd2 Bb7 8. Ne5 g5 9. Bxg5 Nxe5 10. dxe5 Nd7 11. Bf4 c5 12. Qg4 Qc7 13. Qg7 Rf8 14. Nf3 0-0-0 15. Qxh7 c4 16. Bb1 Nc5 17. Nd4 Na4 18. Qc2 Nc5 19. Qe2 Rh8 20. Bc2 Nd7 21. Nf3 Rdg8 22. Bg3 Bf8 23. e4 Nc5 24. exd5 Bxd5 25. 0-0-0 b5 26. Kb1 Kb8 27. Rhg1 Qb7 28. Nd4 Ka8 29. f4 Bh6 30. Ka1 Rb8 31. a3 a5 32. Kb1 b4 33. b3 Qa6 34. bxc4 Bxc4 35. Be4+ Nxe4 36. Qxe4+ Bd5 37. Qe2 Bc4 38. Qe4+ Bd5 39. Qe2 Bc4 40. Qe4+ 1/2-1/2

[Event "NATO-ch 16th"]
[Site "Kolobrzeg"]
[Date "2005.08.26"]
[Round "6"]
[White "Cuadrado Lopez, Francisco Javier"]
[Black "Kayar, Mehmet Erdem"]
[Result "1/2-1/2"]
[WhiteElo "1975"]
[BlackElo "2237"]
[PlyCount "91"]
[EventDate "2005.08.21"]
[EventType "swiss"]
[EventRounds "7"]
[EventCountry "POL"]
[SourceTitle "CBM 108 Extra"]
[Source "ChessBase"]
[SourceDate "2005.11.04"]
[SourceVersion "1"]
[SourceVersionDate "2005.11.04"]
[SourceQuality "1"]

1. d4 Nf6 2. c4 c5 3. d5 e6 4. Nc3 exd5 5. cxd5 d6 6. e4 g6 7. Bd3 Bg7 8. Nf3 a6 9. a4 Bg4 10. h3 Bxf3 11. Qxf3 Nbd7 12. 0-0 Ne5 13. Qe2 Nxd3 14. Qxd3 0-0 15. Bg5 Qc7 16. Qd2 Rfe8 17. Rfe1 Nd7 18. Rac1 Rab8 19. Qe2 c4 20. b3 b5 21. axb5 cxb3 22. Nb1 Nc5 23. bxa6 b2 24. Rc2 Qb6 25. Qc4 Qxa6 26. Qxa6 Nxa6 27. Rc6 Nc5 28. f3 Be5 29. Be3 Rec8 30. Rxc8+ Rxc8 31. Kf1 Nd3 32. Rd1 Rc1 33. Ke2 Bf4 34. Bd2 Bxd2 35. Kxd2 Rxd1+ 36. Kxd1 Nf4 37. g3 Nxh3 38. Kc2 Ng5 39. Nd2 f6 40. Kxb2 Kf8 41. Kc3 Ke7 42. Kd4 h5 43. Ke3 Nf7 44. Kf4 Kd7 45. Nb3 Nh6 46. Nd4 1/2-1/2